Consideraciones previas para un estudio de la juventud popular urbana en América Latina /
Spremljeno u:
| Glavni autor: | |
|---|---|
| Autor kompanije: | |
| Daljnji autori: | |
| Format: | Tekst |
| Izdano: |
Santiago:
CEPAL
|
| Oznake: |
Dodaj oznaku
Bez oznaka, Budi prvi tko označuje ovaj zapis!
|
MARC
| LEADER | 00000 a a2200000 04500 | ||
|---|---|---|---|
| 001 | 24113 | ||
| 003 | |||
| 040 | |||
| 090 | |a 171300 | ||
| 100 | |a Martínez, Javier | ||
| 110 | |a CEPAL | ||
| 245 | |a Consideraciones previas para un estudio de la juventud popular urbana en América Latina / |c Javier Martínez | ||
| 260 | |a Santiago: |b CEPAL | ||
| 300 | |a 57 p. | ||
| 700 | |a Valenzuela, Eduardo | ||
| 999 | |c 12199 |d 12199 | ||
